Power Couples Quiz Stats

 Plays Quiz not verified by Sporcle

Score 0/17 Timer 04:00
0 Plays Today
% Correct
Michelle
97.8%
Victoria
95.7%
Kim
95.7%
Bill
91.3%
Jada
91.3%
Gisele
82.6%
Beyonce
78.3%
Catherine
76.1%
Melinda
73.9%
% Correct
Priscilla Chan
65.2%
Giuliana
50%
Diane
37%
Christiane
28.3%
Anne
19.6%
Marissa Mayer
10.9%
Robert
6.5%
Matt
6.5%

You're not logged in!

Compare scores with friends on all Sporcle quizzes.
Join for Free
OR
Log In

You Might Also Like...

Show Comments

Extras

Created May 19, 2016ReportNominate
Tags:Clickable Quiz, couple, form, power

Top Quizzes Today


Score Distribution

Your Account Isn't Verified!

In order to create a playlist on Sporcle, you need to verify the email address you used during registration. Go to your Sporcle Settings to finish the process.

Report this User

Report this user for behavior that violates our Community Guidelines.

Details: